Metodología de la Investigación : (Registro nro. 11466)

Detalles MARC
000 -LEADER
fixed length control field 02559nam a2200541 4500
001 - CONTROL NUMBER
control field 0000021948
003 - CONTROL NUMBER IDENTIFIER
control field CO-CtgCURN
005 - DATE AND TIME OF LATEST TRANSACTION
control field 20260409202942.0
008 - FIXED-LENGTH DATA ELEMENTS--GENERAL INFORMATION
fixed length control field 160627s2006 000 0 eng d
020 ## - INTERNATIONAL STANDARD BOOK NUMBER
International Standard Book Number 8423337162
040 ## - CATALOGING SOURCE
Original cataloging agency CO-CtgCURN
Language of cataloging spa
Transcribing agency coctgcurn
082 0# - DEWEY DECIMAL CLASSIFICATION NUMBER
Classification number 001.42
Item number B517m
100 1# - MAIN ENTRY--PERSONAL NAME
Personal name Bernal Torres, César Augusto.
245 10 - TITLE STATEMENT
Title Metodología de la Investigación :
Remainder of title Para Administración, Economía, Humanidades y ciencias sociales /
Statement of responsibility, etc. César Augusto Bernal.
250 ## - EDITION STATEMENT
Edition statement 2a ed.
260 ## - PUBLICATION, DISTRIBUTION, ETC.
Place of publication, distribution, etc. México :
Name of publisher, distributor, etc. Prentice Hall :
-- Pearson Educación,
Date of publication, distribution, etc. 2006.
300 ## - PHYSICAL DESCRIPTION
Extent 286 p :
Other physical details il., tablas genealógicas, tablas, gráficas +
Accompanying material 1 cd-rom.
336 ## - CONTENT TYPE
Source rdacontent
337 ## - MEDIA TYPE
Source rdamedia
Media type term sin mediacion
Media type code n
338 ## - CARRIER TYPE
Source rdacarrier
Carrier type term volumen
Carrier type code nc
500 ## - GENERAL NOTE
General note Incluye indice.
505 8# - FORMATTED CONTENTS NOTE
Formatted contents note Investigación en la sociedad del conocimiento.--Fundamentos epistemológicos de la Investigación científica y de las ciencias sociales.--Proceso de Investigación científica.--Instrumentos de medición y recolección de información primaria en ciencias sociales
590 ## - LOCAL NOTE (RLIN)
Local note Bioestadística (Medicina)
590 ## - LOCAL NOTE (RLIN)
Local note Seminario de investigación I (Bacteriología)
590 ## - LOCAL NOTE (RLIN)
Local note Seminario de investigación II (Bacteriología)
590 ## - LOCAL NOTE (RLIN)
Local note Seminario de investigación III (Bacteriología)
590 ## - LOCAL NOTE (RLIN)
Local note Seminario de investigación IV (Bacteriología)
590 ## - LOCAL NOTE (RLIN)
Local note Seminario de investigación V (Bacteriología)
590 ## - LOCAL NOTE (RLIN)
Local note Seminario de investigación VI (Bacteriología)
590 ## - LOCAL NOTE (RLIN)
Local note Seminario de investigación VII (Bacteriología)
590 ## - LOCAL NOTE (RLIN)
Local note Seminario de investigación VIII (Bacteriología)
590 ## - LOCAL NOTE (RLIN)
Local note Seminario de investigación IX (Bacteriología)
650 #0 - SUBJECT ADDED ENTRY--TOPICAL TERM
Topical term or geographic name entry element Economía
Form subdivision Investigaciones.
650 #0 - SUBJECT ADDED ENTRY--TOPICAL TERM
Topical term or geographic name entry element Investigación científica
General subdivision Metodología.
650 #0 - SUBJECT ADDED ENTRY--TOPICAL TERM
Topical term or geographic name entry element Investigación científica.
650 #0 - SUBJECT ADDED ENTRY--TOPICAL TERM
Topical term or geographic name entry element Metodología en administración.
650 #0 - SUBJECT ADDED ENTRY--TOPICAL TERM
Topical term or geographic name entry element Metodología en ciencias sociales.
650 #0 - SUBJECT ADDED ENTRY--TOPICAL TERM
Topical term or geographic name entry element Metodología científica.
908 ## - PUT COMMAND PARAMETER (RLIN)
Put command parameter 160627
942 ## - ADDED ENTRY ELEMENTS (KOHA)
Koha item type Libros
Classification part 001.42
Item part B517m
Source of classification or shelving scheme Dewey Decimal Classification
Suppress in OPAC No
Existencias
Withdrawn status Lost status Source of classification or shelving scheme Damaged status Not for loan Collection Home library Current library Shelving location Date acquired Total checkouts Full call number Barcode Date last seen Copy number Price effective from Koha item type Public note Inventory number Date last checked out
    Dewey Decimal Classification     General Miguel Henríquez Castañeda Miguel Henríquez Castañeda General 03/29/2025   001.42 B517m CDLI000085 03/29/2025 ej.1 03/29/2025 Libros 000-BKERA    
    Dewey Decimal Classification     General Miguel Henríquez Castañeda Miguel Henríquez Castañeda General 03/29/2025   001.42 B517m 008152 03/29/2025 ej.2 03/29/2025 Libros 000-GENERA 008152  
    Dewey Decimal Classification     General Miguel Henríquez Castañeda Miguel Henríquez Castañeda General 03/29/2025   001.42 B517m CDLI000086 03/29/2025 ej.3 03/29/2025 Libros 000-BKERA CDLI000086  
    Dewey Decimal Classification     General Miguel Henríquez Castañeda Miguel Henríquez Castañeda General 03/29/2025   001.42 B517m CDLI000087 03/29/2025 ej.5 03/29/2025 Libros 000-GENERA CDLI000087  
    Dewey Decimal Classification     General Miguel Henríquez Castañeda Miguel Henríquez Castañeda General 03/29/2025   001.42 B517m 008154 03/29/2025 ej.6 03/29/2025 Libros 000-GENERA 008154  
    Dewey Decimal Classification     General Miguel Henríquez Emiliani Miguel Henríquez Emiliani General 03/29/2025 1 001.42 B517m 008153 10/02/2025 ej.4 03/29/2025 Libros 000-GENERA 008153 09/27/2025
    Dewey Decimal Classification     General Miguel Henríquez Emiliani Miguel Henríquez Emiliani General 03/29/2025   001.42 B517m 012504 03/29/2025 ej.7 03/29/2025 Libros 000-GENERA 012504